| 000 | 00000nas 2200000zi 4500 |
| 001 | 9.944201 |
| 003 | CaOODSP |
| 005 | 20250916142327 |
| 006 | m o d f |
| 007 | cr cn |||||||| |
| 008 | 241017c20239999qucar p o f0###a0eng|d |
| 020 | |z9780660490144 |
| 022 | |a2818-7725 |
| 040 | |aCaOODSP|beng|erda|cCaOODSP |
| 043 | |an-cn--- |
| 086 | 1 |aEm9-15E-PDF|zEm12-99/2023E-PDF |
| 222 | 2|aA performance indicator framework for accessibility data |
| 245 | 02|aA performance indicator framework for accessibility data. |
| 264 | 1|a[Gatineau, Quebec] : |bEmployment and Social Development Canada = Emploi et développement social Canada, |c[2023]- |
| 310 | |aAnnual |
| 336 | |atext|btxt|2rdacontent |
| 337 | |acomputer|bc|2rdamedia |
| 338 | |aonline resource|bcr|2rdacarrier |
| 362 | 1 |aBegan with: Phase 1 (August 31, 2023). |
| 500 | |aIssued also in French under title: Un cadre d'indicateurs de rendement pour les données sur l'accessibilité. |
| 588 | |aDescription based on: Phase 1 (August 31, 2023); title from PDF cover page. |
| 588 | |aLatest issue consulted: Phase 1 (August 31, 2023). |
| 650 | 0|aBarrier-free design|zCanada|vPeriodicals. |
| 655 | 7|aPeriodicals|2lcgft |
| 710 | 1 |aCanada. |bEmployment and Social Development Canada, |eissuing body. |
| 775 | 08|tUn cadre d'indicateurs de rendement pour les données sur l'accessibilité.|w(CaOODSP)9.944200 |